Normal view
MARC view
Entry Topical Term
001 - CONTROL NUMBER
- control field: 7253
003 - CONTROL NUMBER IDENTIFIER
- control field: ARRUPE
005 - DATE AND TIME OF LATEST TRANSACTION
- control field: 20140129162739.0
008 - FIXED-LENGTH DATA ELEMENTS
- fixed length control field: 140129|| aca||aabn | a|a d
040 ## - CATALOGING SOURCE
- Original cataloging agency: ARRUPE
- Transcribing agency: ARRUPE
150 ## - HEADING--TOPICAL TERM
- Topical term or geographic name as entry element: Marriage (Canon law)
670 ## - SOURCE DATA FOUND
- Source citation: Work cat.: (ARRUPE)0: Lobo, George V., 1923- 7252, The new marriage law /, 1983.